000 00970nam a22001817a 4500
008 140911b xxu||||| |||| 00| 0 eng d
020 _a9988611099
050 _aDT512.9.N67 M27
100 _aIbrahim, Mahama
245 _aEthnic conflicts in Northern Ghana. /
_cIbrahim Mahama
260 _aTamale,Ghana:
_bCyber Systems,
_c2003.
300 _a262p.:
_c24cm
500 _aIncludes bibliographical references and index.
505 _aContents:Introduction: Conditions of the war -- The Petition for paramount stool -- The War: The Conflict in Nanum -- The Conflict in East Gonja -- The Search for peace: The Military solution -- Peace in trouble: The Nairobi peace initiative -- Konkomba land claims -- Konkomba under Dagomba rule:Konkomba non-claim to land in Nanum -- Konkomba aboriginal claims -- Loss/damage and re-integration: Re-integration -- Rehabilitation -- Conclusion: NORYDA
650 _aEthnic conflicts
651 _aNorthern Ghana
942 _2lcc
_cBK
999 _c4640
_d12140